[Event "Ratinger SK 1 - Bochumer SV 1"]
[Site "NRW-Klasse, Gruppe 1 2016/201"]
[Date "2017.01.22"]
[Round "5.1"]
[White "Zaitsev, Mikhail"]
[Black "Preuschoff, Michael"]
[Result "1-0"]
[WhiteElo "2463"]
[BlackElo "2147"]
[PlyCount "61"]
[EventDate "2017.??.??"]
[WhiteTeam "Bochumer SV 1"]
[BlackTeam "Ratinger SK 1"]

1. e4 c6 2. d4 d5 3. f3 e6 4. Nc3 Nf6 5. e5 Nfd7 6. f4 c5 7. Nf3 Nc6 8. Be3 a6
9. Qd2 b6 10. g3 Ra7 11. h4 Rc7 12. Bh3 g6 13. O-O Na5 14. Qe2 Nc4 15. Bf2 Nxb2
16. f5 gxf5 17. Nxd5 exd5 18. Bxf5 Bg7 19. e6 Nf6 20. exf7+ Kf8 21. Bxc8 Qxc8
22. Rae1 Ne4 23. Ng5 cxd4 24. Qf3 Nc4 25. Nxe4 Ne5 26. Qa3+ Kxf7 27. Nd6+ Kg6
28. Nxc8 Rhxc8 29. Qd6+ Bf6 30. Rxe5 Rc6 31. Rg5+ 1-0

[Event "Ratinger SK 1 - Bochumer SV 1"]
[Site "NRW-Klasse, Gruppe 1 2016/201"]
[Date "2017.01.22"]
[Round "5.2"]
[White "Welzel, Philipp"]
[Black "Schneider, Bernd"]
[Result "0-1"]
[WhiteElo "2192"]
[BlackElo "2322"]
[PlyCount "90"]
[EventDate "2017.??.??"]
[WhiteTeam "Ratinger SK 1"]
[BlackTeam "Bochumer SV 1"]

1. d4 g6 2. e4 Bg7 3. c4 Nc6 4. d5 Nd4 5. Nc3 c5 6. Be3 e5 7. dxe6 dxe6 8. Nge2
Ne7 9. Qd2 Nec6 10. O-O-O O-O 11. Kb1 e5 12. Nd5 f5 13. Bg5 Qd6 14. Nec3 Rf7
15. h4 f4 16. Nb5 Qf8 17. h5 gxh5 18. f3 h6 19. Bh4 a6 20. Nbc3 Be6 21. Bf2 Rb8
22. Nb6 Qd6 23. Nbd5 Ne7 24. Rxh5 Bxd5 25. Nxd5 b5 26. Rc1 Nxd5 27. cxd5 c4 28.
Be1 Kh7 29. Qb4 Qg6 30. Rh4 Bf8 31. Qa5 Bc5 32. Rg4 Qd6 33. Qd2 a5 34. Bf2 Qb6
35. Qd1 a4 36. Be1 Be7 37. Rh4 a3 38. b3 cxb3 39. axb3 Bxh4 40. Bxh4 Rc7 41.
Rxc7+ Qxc7 42. Be1 Rc8 43. Bd3 Nxb3 44. d6 a2+ 45. Kxa2 Nc1+ 0-1

[Event "Ratinger SK 1 - Bochumer SV 1"]
[Site "NRW-Klasse, Gruppe 1 2016/201"]
[Date "2017.01.22"]
[Round "5.3"]
[White "Heinbuch, Detlef Ulrich"]
[Black "Busch, Christian"]
[Result "1/2-1/2"]
[WhiteElo "2247"]
[BlackElo "2056"]
[PlyCount "41"]
[EventDate "2017.??.??"]
[WhiteTeam "Bochumer SV 1"]
[BlackTeam "Ratinger SK 1"]

1. e4 d5 2. exd5 Nf6 3. Nc3 Nxd5 4. Bc4 Nb6 5. Bb3 Nc6 6. Nf3 Bf5 7. Qe2 e6 8.
h3 Be7 9. d3 O-O 10. Bf4 Na5 11. g4 Bg6 12. Ne5 Nxb3 13. axb3 Nd5 14. Bd2 Nxc3
15. Bxc3 Qd5 16. O-O f6 17. Nxg6 hxg6 18. Rfe1 Kf7 19. Qe4 Qxe4 20. Rxe4 Bc5
21. Kg2 1/2-1/2

[Event "Ratinger SK 1 - Bochumer SV 1"]
[Site "NRW-Klasse, Gruppe 1 2016/201"]
[Date "2017.01.22"]
[Round "5.4"]
[White "Nent, Alexander"]
[Black "Wolter, Detlev"]
[Result "1-0"]
[WhiteElo "2116"]
[BlackElo "2208"]
[PlyCount "67"]
[EventDate "2017.??.??"]
[WhiteTeam "Ratinger SK 1"]
[BlackTeam "Bochumer SV 1"]

1. Nf3 d6 2. d4 g6 3. b3 Bg7 4. Bb2 f5 5. g3 Nf6 6. Bg2 O-O 7. O-O c6 8. c4 h6
9. Nbd2 e5 10. dxe5 Ng4 11. Qc2 Nxe5 12. Rad1 Qe7 13. Rfe1 Na6 14. a3 Bd7 15.
b4 Rad8 16. e3 g5 17. Nxe5 dxe5 18. c5 f4 19. exf4 gxf4 20. Nc4 fxg3 21. hxg3
Bf5 22. Be4 Bxe4 23. Rxe4 Qf7 24. Rde1 Nc7 25. Nxe5 Qf5 26. Nc4 Bxb2 27. Qxb2
Rd1 28. Qe2 Rxe1+ 29. Qxe1 Nd5 30. Nd6 Qf3 31. Rh4 Kh7 32. Qd2 Rf6 33. Ne4 Rg6
34. Ng5+ 1-0

[Event "Ratinger SK 1 - Bochumer SV 1"]
[Site "NRW-Klasse, Gruppe 1 2016/201"]
[Date "2017.01.22"]
[Round "5.5"]
[White "Kiese, Matthias"]
[Black "Graeber, Ralf"]
[Result "1/2-1/2"]
[WhiteElo "2175"]
[BlackElo "2117"]
[Annotator "Daniel"]
[PlyCount "133"]
[EventDate "2017.??.??"]
[WhiteTeam "Bochumer SV 1"]
[BlackTeam "Ratinger SK 1"]

1. d4 Nf6 2. Nf3 c5 3. d5 b5 4. Bg5 Qa5+ 5. c3 Ne4 6. Bh4 d6 7. Nbd2 Nxd2 8.
Nxd2 g6 9. e4 Bg7 10. a4 bxa4 11. Rxa4 Qc7 12. Bb5+ Bd7 13. Qe2 O-O 14. O-O e6
15. dxe6 Bxe6 16. Bc4 Nc6 $11 17. Bg3 Rab8 18. Bxe6 fxe6 19. Nc4 Ne5 20. Bxe5
Bxe5 21. g3 Bg7 22. Rfa1 Rb7 23. Ra6 d5 24. exd5 exd5 25. Nd6 Qe7 26. Qd2 Rd7
27. Qxd5+ Kh8 28. Qc6 Qe2 29. Rf1 Re7 30. Qb5 Qc2 31. Qxc5 Qxb2 32. Rxa7 Rxa7
33. Qxa7 Qxc3 34. Qe7 Qb3 35. Qe4 Qb6 36. Nc4 Qb4 37. Rb1 Qa4 38. Qe2 Bd4 39.
Ne3 Qa7 40. Rd1 Re8 41. Rd3 Qa1+ 42. Kg2 Qa8+ 43. Qf3 Qxf3+ 44. Kxf3 Bc5 45.
Rd7 Rf8+ 46. Ke2 Re8 47. Kd3 Rf8 48. f4 Bxe3 49. Kxe3 h5 50. h3 Ra8 51. g4 hxg4
52. hxg4 Ra1 53. Ke4 Re1+ 54. Kf3 Rf1+ 55. Kg3 Kg8 56. Ra7 Kf8 57. Rb7 Kg8 58.
Rb2 Kg7 59. Rh2 Ra1 60. Kh4 Ra4 61. Kg5 Ra5+ 62. f5 gxf5 63. gxf5 Ra1 64. f6+
Kg8 65. Rc2 Kf7 66. Rc7+ Kf8 67. Rb7 1/2-1/2

[Event "Ratinger SK 1 - Bochumer SV 1"]
[Site "NRW-Klasse, Gruppe 1 2016/201"]
[Date "2017.01.22"]
[Round "5.6"]
[White "Probst, Andreas"]
[Black "Pewny, Uwe"]
[Result "1/2-1/2"]
[WhiteElo "2084"]
[BlackElo "2204"]
[PlyCount "136"]
[EventDate "2017.??.??"]
[WhiteTeam "Ratinger SK 1"]
[BlackTeam "Bochumer SV 1"]

1. d4 d6 2. e4 Nf6 3. Nc3 e5 4. dxe5 dxe5 5. Qxd8+ Kxd8 6. Bg5 Be6 7. O-O-O+
Kc8 8. f3 Bc5 9. Bb5 Nbd7 10. Nge2 c6 11. Ba4 h6 12. Bd2 Nb6 13. Bb3 Re8 14.
Ng3 Nc4 15. Bxc4 Bxc4 16. Nf5 Bf8 17. Be3 Kc7 18. Rd2 b6 19. Rhd1 Be6 20. a3
Rad8 21. g4 Rxd2 22. Rxd2 Ng8 23. h4 g6 24. Ng3 Be7 25. g5 hxg5 26. hxg5 Bd6
27. Rh2 Ne7 28. Rh7 Kb7 29. Nd1 Rd8 30. Nf2 c5 31. Nf1 Nc6 32. c3 a5 33. Nd2 a4
34. Ng4 Na5 35. Nh6 Rd7 36. Ng8 Nb3+ 37. Kd1 Bc7 38. Nf6 Rd8 39. Rh2 Kc6 40.
Kc2 Nxd2 41. Bxd2 Bb3+ 42. Kc1 Rd3 43. Rf2 Bd8 44. Rf1 Bxf6 45. gxf6 Kd7 46.
Bg5 Ke6 47. Bh4 Rd8 48. Bg5 Rh8 49. Rf2 Rh5 50. f4 Bc4 51. Kd2 Rh3 52. fxe5
Kxe5 53. Bf4+ Kxe4 54. Bc7 Kd5 55. Bxb6 Kc6 56. Ba5 Rd3+ 57. Ke1 Rd6 58. Rf4
Kb5 59. Bc7 Rd7 60. Be5 Rd5 61. Re4 Bd3 62. Re3 Kc4 63. Kf2 Bf5 64. Kg3 g5 65.
Bc7 Rd2 66. Re5 Rd3+ 67. Kf2 Rd5 68. Rxd5 Kxd5 1/2-1/2

[Event "Ratinger SK 1 - Bochumer SV 1"]
[Site "NRW-Klasse, Gruppe 1 2016/201"]
[Date "2017.01.22"]
[Round "5.7"]
[White "Jellinghaus, Lars"]
[Black "Liedtke, Dirk"]
[Result "1-0"]
[WhiteElo "2087"]
[BlackElo "2102"]
[PlyCount "61"]
[EventDate "2017.??.??"]
[WhiteTeam "Bochumer SV 1"]
[BlackTeam "Ratinger SK 1"]

1. d4 Nf6 2. c4 e6 3. Nf3 Bb4+ 4. Bd2 a5 5. e3 O-O 6. Nc3 d5 7. Rc1 b6 8. Bd3
Bb7 9. O-O Ne4 10. Qc2 f5 11. Rfd1 Nd7 12. a3 Be7 13. Qb3 c6 14. cxd5 cxd5 15.
Nb5 Rc8 16. Na7 Rxc1 17. Rxc1 Bd6 18. Bb5 Nb8 19. Be1 Rf7 20. Ba4 g5 21. Nb5 g4
22. Nxd6 Qxd6 23. Ne5 Rc7 24. Rxc7 Qxc7 25. Qd1 Nd6 26. f3 h5 27. Bg3 b5 28.
Bc2 Nd7 29. e4 dxe4 30. Qd2 e3 31. Qxe3 1-0

[Event "Ratinger SK 1 - Bochumer SV 1"]
[Site "NRW-Klasse, Gruppe 1 2016/201"]
[Date "2017.01.22"]
[Round "5.8"]
[White "Dinescu, Adrian"]
[Black "Goralski, Christian"]
[Result "0-1"]
[WhiteElo "2064"]
[BlackElo "1990"]
[PlyCount "132"]
[EventDate "2017.??.??"]
[WhiteTeam "Ratinger SK 1"]
[BlackTeam "Bochumer SV 1"]

1. e4 d5 2. exd5 Nf6 3. Nc3 Nxd5 4. Bc4 Nb6 5. Bb3 c5 6. d3 e6 7. Bf4 Be7 8.
Qh5 O-O 9. Nf3 N8d7 10. Ne4 Nf6 11. Nxf6+ Bxf6 12. O-O-O Nd5 13. Be5 g6 14.
Bxf6 Qxf6 15. Qe5 Qxe5 16. Nxe5 b5 17. Bxd5 exd5 18. d4 c4 19. Rde1 Be6 20. a3
Rfc8 21. Kd2 a5 22. c3 Rab8 23. g4 b4 24. axb4 axb4 25. f4 bxc3+ 26. Kxc3 Rb3+
27. Kc2 Rcb8 28. Rb1 R8b6 29. Rhf1 f6 30. f5 Bc8 31. Nf3 gxf5 32. Nd2 Rh3 33.
gxf5 Rxh2 34. Rbe1 Kf7 35. Ra1 Rh5 36. Ra7+ Rb7 37. Rxb7+ Bxb7 38. Ra1 Ke8 39.
Re1+ Kd8 40. Nb1 Rxf5 41. Kc3 Kd7 42. Kb4 h5 43. Kc5 h4 44. Rh1 Rh5 45. Nc3 h3
46. Rh2 Ke7 47. Ne2 Kf7 48. Nf4 Rh4 49. Ne2 Bc8 50. Kxd5 Bb7+ 51. Kc5 Bg2 52.
Kxc4 f5 53. Kd3 f4 54. Ng1 Kf6 55. Ke2 Kf5 56. Nf3 Rh8 57. Ne1 Kg4 58. Kf2 Be4
59. d5 Rb8 60. Kg1 Kg3 61. d6 f3 62. Nc2 Rxb2 63. Ne3 f2+ 64. Rxf2 Rxf2 65.
Nf1+ Rxf1+ 66. Kxf1 Bc6 0-1

[Event "SF Lieme 1 - SK MÃ¼nster 1"]
[Site "NRW-Klasse, Gruppe 1 2016/201"]
[Date "2017.01.22"]
[Round "5.1"]
[White "Muschik, Benedikt"]
[Black "Essing, Arnold"]
[Result "0-1"]
[WhiteElo "2275"]
[BlackElo "2186"]
[PlyCount "138"]
[EventDate "2017.??.??"]
[WhiteTeam "SK MÃ¼nster 1"]
[BlackTeam "SF Lieme 1"]

1. d4 f5 2. Bf4 Nf6 3. e3 g6 4. h4 h6 5. Nf3 d6 6. Nc3 Bg7 7. Bc4 e6 8. Qe2 Qe7
9. Bb3 Nc6 10. O-O-O Bd7 11. a3 O-O-O 12. Bh2 Rhe8 13. Rhe1 Kb8 14. Kb1 Bh8 15.
e4 Ng4 16. Bf4 e5 17. dxe5 dxe5 18. Bc1 Nd4 19. Nxd4 exd4 20. Nd5 Qc5 21. f3
Ne5 22. Bxh6 fxe4 23. Bg5 Rc8 24. Qxe4 d3 25. Be3 Qf8 26. cxd3 Nxd3 27. Rxd3
Rxe4 28. fxe4 Bb5 29. Rd2 Be5 30. Ka2 Bg3 31. Rc1 Qe8 32. Rd4 c5 33. Rd2 Qxe4
34. Rxc5 Rxc5 35. Bxc5 Bc4 36. Nc3 Qe6 37. Nd5 Bxb3+ 38. Kxb3 b6 39. Be3 Bxh4
40. Bf4+ Kb7 41. Kc2 Be1 42. Rd1 Qe2+ 43. Bd2 Qe4+ 44. Kc3 b5 45. Bxe1 Qc4+ 46.
Kd2 Qxd5+ 47. Kc1 Qxg2 48. Rd7+ Kb6 49. Rd6+ Kc5 50. Rd3 Qf1 51. Kd2 g5 52. Bg3
Qg2+ 53. Kc3 a5 54. b4+ axb4+ 55. axb4+ Kc6 56. Rd6+ Kb7 57. Rd7+ Kc8 58. Rd3
Qa2 59. Bd6 g4 60. Bc5 g3 61. Rd2 Qc4+ 62. Kb2 Qe4 63. Rd1 Qe2+ 64. Kc1 g2 65.
Rd2 Qf1+ 66. Rd1 Kc7 67. Kc2 Qe2+ 68. Rd2 Qc4+ 69. Kb2 Qxc5 0-1

[Event "SF Lieme 1 - SK MÃ¼nster 1"]
[Site "NRW-Klasse, Gruppe 1 2016/201"]
[Date "2017.01.22"]
[Round "5.2"]
[White "Wittke, Rene"]
[Black "Webb, Laurence"]
[Result "1/2-1/2"]
[WhiteElo "2192"]
[BlackElo "2247"]
[Annotator "Daniel"]
[PlyCount "102"]
[EventDate "2017.??.??"]
[WhiteTeam "SF Lieme 1"]
[BlackTeam "SK MÃ¼nster 1"]

1. e4 c5 2. d4 cxd4 3. c3 dxc3 4. Nxc3 Nc6 5. Nf3 e6 6. Bc4 a6 7. O-O Nge7 8.
Bg5 h6 9. Bh4 g5 10. Bg3 Ng6 11. h3 b5 12. Bb3 Bb7 13. Re1 d6 14. Nd4 Nxd4 15.
Qxd4 Be7 16. a4 O-O 17. axb5 axb5 18. Nxb5 e5 19. Qe3 Nf4 20. Rxa8 Qxa8 21.
Bxf4 exf4 22. Qd4 Qa5 23. Nc3 Qc5 24. Rd1 Rb8 25. Qc4 $11 Qxc4 26. Bxc4 Kf8 27.
Nd5 Bxd5 28. Bxd5 Rxb2 29. Ra1 Kg7 30. Ra7 Kf6 31. Rb7 Rc2 32. Kf1 h5 33. Rd7
g4 34. hxg4 hxg4 35. Ke1 Rb2 36. Rb7 Rc2 37. Rd7 Rc8 38. Kd2 Rb8 39. Rb7 Rh8
40. Rd7 Rh2 41. Kd3 Rh7 42. Ke2 Bf8 43. Kd3 Rg7 44. Ke2 Be7 45. g3 f3+ 46. Ke3
Rh7 47. Kf4 Rh2 48. Kxg4 Rxf2 49. Kf4 Rf1 50. Ke3 f2 51. Ke2 Rb1 1/2-1/2

[Event "SF Lieme 1 - SK MÃ¼nster 1"]
[Site "NRW-Klasse, Gruppe 1 2016/201"]
[Date "2017.01.22"]
[Round "5.3"]
[White "Holtel, Jasper"]
[Black "Himpenmacher, Andy"]
[Result "1-0"]
[WhiteElo "2208"]
[BlackElo "2173"]
[Annotator "Daniel"]
[PlyCount "75"]
[EventDate "2017.??.??"]
[WhiteTeam "SK MÃ¼nster 1"]
[BlackTeam "SF Lieme 1"]

1. e4 c5 2. Nf3 g6 3. d4 cxd4 4. Qxd4 Nf6 5. Nc3 Nc6 6. Qa4 d6 7. e5 dxe5 8.
Nxe5 Qd4 9. Nxc6 Qxa4 10. Nxa4 bxc6 11. b3 e5 12. Bb2 Bb4+ 13. c3 Be7 14. g3
Be6 15. Bg2 Bd5 16. O-O Bxg2 17. Kxg2 O-O-O 18. c4 Nd7 19. f4 f6 20. fxe5 Nxe5
21. Bxe5 fxe5 22. Rae1 Rd2+ 23. Rf2 Rxf2+ 24. Kxf2 Rf8+ 25. Kg2 Bd6 26. Rf1 Rf5
$11 27. Nc3 Kd7 28. Ne4 Be7 29. g4 Rxf1 30. Kxf1 Ke6 31. Ke2 h6 32. Kf3 Bb4 33.
Nf2 Bc5 34. Nd3 Bd6 35. Ke4 g5 36. h3 Bc7 37. Nb4 Kd6 38. c5+ 1-0

[Event "SF Lieme 1 - SK MÃ¼nster 1"]
[Site "NRW-Klasse, Gruppe 1 2016/201"]
[Date "2017.01.22"]
[Round "5.4"]
[White "Schaffarczyk, Andre"]
[Black "Wolter, Kai"]
[Result "1/2-1/2"]
[WhiteElo "2095"]
[BlackElo "2224"]
[PlyCount "46"]
[EventDate "2017.??.??"]
[WhiteTeam "SF Lieme 1"]
[BlackTeam "SK MÃ¼nster 1"]

1. e4 c5 2. Nf3 e6 3. g3 Nc6 4. Bg2 e5 5. O-O d6 6. c3 Be7 7. d4 Bg4 8. d5 Nb8
9. a4 Nf6 10. h3 Bh5 11. a5 O-O 12. Qa4 Na6 13. Be3 Nc7 14. Nbd2 Qd7 15. Rfc1
b5 16. axb6 Qxa4 17. Rxa4 axb6 18. Rca1 Rxa4 19. Rxa4 Ra8 20. Rxa8+ Nxa8 21.
Ne1 Nc7 22. f3 h6 23. Nc4 Nd7 1/2-1/2

[Event "SF Lieme 1 - SK MÃ¼nster 1"]
[Site "NRW-Klasse, Gruppe 1 2016/201"]
[Date "2017.01.22"]
[Round "5.5"]
[White "Chilla, Jan Eric"]
[Black "Stork, Holger"]
[Result "1/2-1/2"]
[WhiteElo "2197"]
[BlackElo "2092"]
[PlyCount "54"]
[EventDate "2017.??.??"]
[WhiteTeam "SK MÃ¼nster 1"]
[BlackTeam "SF Lieme 1"]

1. Nf3 Nf6 2. g3 b6 3. Bg2 Bb7 4. O-O e6 5. b3 Be7 6. Bb2 O-O 7. c4 c5 8. Nc3
d5 9. e3 dxc4 10. bxc4 Nc6 11. Qe2 Qc7 12. Ne1 Rfd8 13. f4 Rd7 14. d3 Rad8 15.
g4 a6 16. a4 Nb4 17. Bxb7 Qxb7 18. Rd1 Ne8 19. g5 f5 20. gxf6 Bxf6 21. Rf2 Nd6
22. Rg2 Nf5 23. Kf1 Kh8 24. e4 Bxc3 25. Bxc3 Nd4 26. Qh5 Rf8 27. Rg4 Qb8
1/2-1/2

[Event "SF Lieme 1 - SK MÃ¼nster 1"]
[Site "NRW-Klasse, Gruppe 1 2016/201"]
[Date "2017.01.22"]
[Round "5.6"]
[White "Niermann, Tristan"]
[Black "Kamp, Christoph"]
[Result "1/2-1/2"]
[WhiteElo "2131"]
[BlackElo "2179"]
[PlyCount "115"]
[EventDate "2017.??.??"]
[WhiteTeam "SF Lieme 1"]
[BlackTeam "SK MÃ¼nster 1"]

1. d4 d5 2. c4 e6 3. Nf3 c6 4. Qc2 Bd6 5. g3 f5 6. Bg2 Nf6 7. O-O O-O 8. Nc3
Ne4 9. Rb1 Qe7 10. a3 b6 11. b4 Bb7 12. Nd2 Nxc3 13. Qxc3 Nd7 14. Bb2 Rac8 15.
Rfc1 Nf6 16. Qb3 h6 17. Rc2 Kh7 18. Qd3 Ba6 19. f3 Kh8 20. e4 Bb8 21. e5 Ne8
22. f4 Nc7 23. Qb3 Rfd8 24. Rbc1 Qd7 25. c5 b5 26. Qf3 Qf7 27. Bf1 Rg8 28. Nb3
Bb7 29. Re1 g5 30. fxg5 hxg5 31. Bc1 Rg7 32. Bd3 Rcg8 33. g4 Bc8 34. Na5 Qe8
35. gxf5 exf5 36. Bxf5 Bxf5 37. Qxf5 Ne6 38. Rc3 Rf8 39. Qg4 Bc7 40. Nb7 Qf7
41. Rh3+ Rh7 42. Rxh7+ Kxh7 43. Be3 Bd8 44. Nd6 Qg6 45. Rf1 Rxf1+ 46. Kxf1 a6
47. Qf5 Qxf5+ 48. Nxf5 Kg6 49. Nd6 g4 50. Nc8 Bh4 51. Ke2 Kf5 52. Kd3 Kg6 53.
Na7 Nd8 54. Bf4 Be7 55. Nc8 Bh4 56. Nb6 Ne6 57. Be3 Nf8 58. Nc8 1/2-1/2

[Event "SF Lieme 1 - SK MÃ¼nster 1"]
[Site "NRW-Klasse, Gruppe 1 2016/201"]
[Date "2017.01.22"]
[Round "5.7"]
[White "Molinaroli, Martin"]
[Black "Schulte, Oliver"]
[Result "0-1"]
[WhiteElo "2219"]
[BlackElo "2038"]
[PlyCount "68"]
[EventDate "2017.??.??"]
[WhiteTeam "SK MÃ¼nster 1"]
[BlackTeam "SF Lieme 1"]

1. d4 Nf6 2. Nf3 e6 3. Bf4 h6 4. e3 Nh5 5. Bd3 c5 6. Nbd2 cxd4 7. Nxd4 Nxf4 8.
exf4 Qf6 9. Nb5 Qxf4 10. Nc4 Na6 11. g3 Qb8 12. Qh5 Be7 13. O-O-O Nc5 14. Bh7
d5 15. Ne5 Bg5+ 16. Kb1 Qxe5 17. Rhe1 Qf6 18. Nc7+ Kf8 19. Nxa8 g6 20. Qe2 h5
21. Qb5 b6 22. Nc7 Bd7 23. Qb4 Kg7 24. f4 Bh6 25. Bxg6 Qxg6 26. f5 Qxf5 27. Rf1
Qg6 28. Qd4+ Kh7 29. a4 Bxa4 30. Rf2 Rc8 31. Na6 Bg7 32. Qb4 Bxc2+ 33. Rxc2
Nxa6 34. Qa4 Nb4 0-1

[Event "SF Lieme 1 - SK MÃ¼nster 1"]
[Site "NRW-Klasse, Gruppe 1 2016/201"]
[Date "2017.01.22"]
[Round "5.8"]
[White "Stukenbrok, Nils"]
[Black "Rott, Georg"]
[Result "1/2-1/2"]
[WhiteElo "1969"]
[BlackElo "2041"]
[PlyCount "71"]
[EventDate "2017.??.??"]
[WhiteTeam "SF Lieme 1"]
[BlackTeam "SK MÃ¼nster 1"]

1. d4 d5 2. c4 c6 3. Nf3 Nf6 4. e3 Bf5 5. Nc3 e6 6. Nh4 Bg4 7. Qb3 Qc7 8. h3
Bh5 9. g4 Bg6 10. Nxg6 hxg6 11. g5 dxc4 12. Qxc4 Nd5 13. Bg2 Nd7 14. Bd2 N7b6
15. Nxd5 exd5 16. Qe2 O-O-O 17. Qg4+ Kb8 18. O-O-O Nc4 19. Bc3 Qb6 20. Bf1 Bb4
21. Bxc4 Bxc3 22. Bb3 Bb4 23. h4 Rh5 24. Rh3 a6 25. e4 dxe4 26. Qxe4 Qc7 27.
Qe5 Rd7 28. Kc2 Re7 29. Qxc7+ Kxc7 30. Kd3 f6 31. Rg1 Be1 32. gxf6 gxf6 33.
Rxg6 Bxf2 34. Rxf6 Rxh4 35. Rxh4 Bxh4 36. Rf7 1/2-1/2

[Event "BrÃ¼hler SK 1 - SF Katernberg 2"]
[Site "NRW-Klasse, Gruppe 1 2016/201"]
[Date "2017.01.22"]
[Round "5.1"]
[White "Wessendorf, Thomas"]
[Black "Loifenfeld, Jakov"]
[Result "0-1"]
[WhiteElo "2218"]
[BlackElo "2407"]
[PlyCount "74"]
[EventDate "2017.??.??"]
[WhiteTeam "SF Katernberg 2"]
[BlackTeam "BrÃ¼hler SK 1"]

1. e4 Nf6 2. e5 Nd5 3. d4 d6 4. c4 Nb6 5. exd6 cxd6 6. Nc3 g6 7. h3 Bg7 8. Nf3
O-O 9. Be3 Nc6 10. Rc1 e5 11. d5 Ne7 12. Be2 Bd7 13. a4 Nf5 14. Bg5 Qe8 15. a5
h6 16. Be3 Na4 17. Nxa4 Nxe3 18. fxe3 Bxa4 19. Qd2 Bd7 20. O-O e4 21. Nd4 Qe5
22. Bd1 Rae8 23. Qf2 h5 24. Rc3 Qe7 25. Rb3 Bc8 26. a6 bxa6 27. Nc6 Qc7 28. Rb8
Bd7 29. Rxe8 Bxe8 30. Ba4 Kh7 31. b4 Bh6 32. Qg3 Qb6 33. Qxd6 Qxe3+ 34. Kh1 Qe2
35. Qf6 Bg7 36. Qf4 Qxc4 37. Rd1 Qa2 0-1

[Event "BrÃ¼hler SK 1 - SF Katernberg 2"]
[Site "NRW-Klasse, Gruppe 1 2016/201"]
[Date "2017.01.22"]
[Round "5.2"]
[White "Keller, Thomas"]
[Black "Rosen, Bernd"]
[Result "1-0"]
[WhiteElo "2233"]
[BlackElo "2237"]
[PlyCount "127"]
[EventDate "2017.??.??"]
[WhiteTeam "BrÃ¼hler SK 1"]
[BlackTeam "SF Katernberg 2"]

1. e4 e6 2. d3 c5 3. Nf3 Nc6 4. g3 g6 5. Bg2 Bg7 6. O-O Nge7 7. Re1 d6 8. c3 e5
9. a3 a5 10. Be3 O-O 11. h3 a4 12. d4 exd4 13. cxd4 Qb6 14. Nbd2 cxd4 15. Bg5
Be6 16. Bf1 f6 17. Bf4 Na5 18. g4 g5 19. Bg3 Ng6 20. Rc1 Ne5 21. Bxe5 dxe5 22.
Nc4 Nxc4 23. Bxc4 Bxc4 24. Rxc4 Qxb2 25. Rxa4 Qc3 26. Kg2 b5 27. Rxa8 Rxa8 28.
Re3 Qc4 29. Rb3 Bf8 30. Nd2 Qc6 31. Qb1 Rb8 32. Qd3 Kg7 33. Nf1 Ra8 34. Nd2 Kg6
35. Qf3 Kg7 36. Qd3 Ra4 37. Rxb5 Rxa3 38. Rb3 Ra4 39. Qb1 Ra7 40. Rb6 Qc7 41.
Nf1 Bc5 42. Rb8 Bd6 43. Rb5 Qc4 44. Ng3 Kg6 45. Nf5 Bc5 46. Rb3 Ra3 47. Rb7 Bf8
48. h4 gxh4 49. Nxh4+ Kg5 50. Rxh7 Bh6 51. Nf5 Qc3 52. Rxh6 Qf3+ 53. Kf1 Re3
54. Nxe3 Kxh6 55. Nf5+ Kg5 56. Qc1+ Kxg4 57. Ng3 Qd3+ 58. Kg2 Qf3+ 59. Kg1 Qf4
60. Qd1+ Qf3 61. Qxf3+ Kxf3 62. Kf1 d3 63. Ke1 Kg2 64. Nh5 1-0

[Event "BrÃ¼hler SK 1 - SF Katernberg 2"]
[Site "NRW-Klasse, Gruppe 1 2016/201"]
[Date "2017.01.22"]
[Round "5.3"]
[White "Bee, Marcus"]
[Black "Schaefer, Juergen"]
[Result "0-1"]
[WhiteElo "2117"]
[BlackElo "2196"]
[PlyCount "108"]
[EventDate "2017.??.??"]
[WhiteTeam "SF Katernberg 2"]
[BlackTeam "BrÃ¼hler SK 1"]

1. g3 e5 2. Bg2 Nc6 3. c4 d6 4. Nc3 g6 5. Nf3 Bg7 6. O-O Nge7 7. d3 O-O 8. Rb1
h6 9. b4 f5 10. Bd2 Be6 11. b5 Nb8 12. Ne1 Qc8 13. Nc2 Nd7 14. Nb4 Nf6 15. Qc2
f4 16. Ncd5 Nexd5 17. Nxd5 Rf7 18. Nxf6+ Rxf6 19. d4 exd4 20. Bxf4 Bf5 21. Be4
Qe6 22. Bxf5 Rxf5 23. Qd3 Re8 24. Rbe1 Rc5 25. e3 Qxc4 26. Qxg6 Re6 27. Qg4 h5
28. Qf3 d3 29. Qxb7 Qxb5 30. Qxa7 d2 31. Rd1 Rc2 32. e4 Qe2 33. Qa4 Qxe4 34.
Qxe4 Rxe4 35. Rxd2 Rxd2 36. Bxd2 Re2 37. Ba5 c5 38. Bc7 d5 39. a4 Ra2 40. a5
Bd4 41. Bb6 Kf7 42. Kg2 Ke6 43. Kh3 Bxf2 44. Kh4 Kd6 45. Kxh5 d4 46. Rd1 Kd5
47. g4 c4 48. g5 d3 49. Bxf2 Rxf2 50. Ra1 c3 51. g6 Rxh2+ 52. Kg5 c2 53. g7
Rg2+ 54. Kf6 d2 0-1

[Event "BrÃ¼hler SK 1 - SF Katernberg 2"]
[Site "NRW-Klasse, Gruppe 1 2016/201"]
[Date "2017.01.22"]
[Round "5.4"]
[White "Schiffer, Stefan"]
[Black "Gassmann, Volker"]
[Result "0-1"]
[WhiteElo "2168"]
[BlackElo "2100"]
[Annotator "Daniel"]
[PlyCount "80"]
[EventDate "2017.??.??"]
[WhiteTeam "BrÃ¼hler SK 1"]
[BlackTeam "SF Katernberg 2"]

1. d4 Nf6 2. c4 c5 3. d5 e5 4. Nc3 d6 5. g3 g6 6. Bg2 Bg7 7. Nf3 O-O 8. O-O Ne8
9. e4 a6 10. a4 b6 11. Ne1 Ra7 12. Nd3 Re7 13. b4 f5 14. Ba3 a5 15. bxa5 bxa5
16. Nxc5 dxc5 17. Bxc5 Na6 18. Bxe7 Qxe7 19. exf5 gxf5 20. Nb5 Nd6 21. Qc2 Nc5
22. Rfe1 Bd7 23. Ra2 Rc8 24. Bh3 Nce4 25. Nxd6 Qxd6 26. f3 Qc5+ 27. Kh1 Nd6 28.
Rc1 $11 Bh6 29. Re1 Be3 30. Qd3 Bd4 31. Qd2 Nf7 32. Rc2 Qb4 33. Qc1 Rc5 34. Rd1
Qb3 35. d6 Bxa4 36. Rdd2 Bd7 37. Re2 a4 38. f4 e4 39. Qd2 Rxc4 40. Rxc4 Qxc4
0-1

[Event "BrÃ¼hler SK 1 - SF Katernberg 2"]
[Site "NRW-Klasse, Gruppe 1 2016/201"]
[Date "2017.01.22"]
[Round "5.5"]
[White "Kaeding, Rainer"]
[Black "Haskelman, Evgen"]
[Result "1-0"]
[WhiteElo "2117"]
[BlackElo "2170"]
[PlyCount "73"]
[EventDate "2017.??.??"]
[WhiteTeam "SF Katernberg 2"]
[BlackTeam "BrÃ¼hler SK 1"]

1. e4 d5 2. exd5 Nf6 3. d4 Nxd5 4. Nf3 Bg4 5. c4 Nb6 6. c5 N6d7 7. Bc4 e6 8.
Be3 Nc6 9. Nc3 Be7 10. h3 Bh5 11. g4 Bg6 12. Qa4 a6 13. O-O-O Qc8 14. d5 exd5
15. Bxd5 Ncb8 16. c6 bxc6 17. Bxc6 Nxc6 18. Qxc6 Bd6 19. Rxd6 cxd6 20. Qxd6 Qb8
21. Qd4 f6 22. Rd1 Qb7 23. Qd6 O-O-O 24. Nd5 Rhe8 25. Rd4 Re4 26. Rxe4 Ne5 27.
Ne7+ Qxe7 28. Qxe7 Nd3+ 29. Kb1 Ne5 30. Qc5+ Kd7 31. Nxe5+ fxe5 32. Qd5+ Kc8
33. Qc6+ Kb8 34. Qb6+ Kc8 35. Qxa6+ Kd7 36. Qb5+ Kc8 37. Qxe5 1-0

[Event "BrÃ¼hler SK 1 - SF Katernberg 2"]
[Site "NRW-Klasse, Gruppe 1 2016/201"]
[Date "2017.01.22"]
[Round "5.6"]
[White "Peters, Alex"]
[Black "Villwock, Martin"]
[Result "1-0"]
[WhiteElo "2207"]
[BlackElo "2087"]
[PlyCount "111"]
[EventDate "2017.??.??"]
[WhiteTeam "BrÃ¼hler SK 1"]
[BlackTeam "SF Katernberg 2"]

1. Nf3 c5 2. b3 d6 3. Bb2 e5 4. d3 Nc6 5. g3 g6 6. Bg2 Bg7 7. c4 Nge7 8. Nc3 h6
9. Nd5 Nxd5 10. cxd5 Ne7 11. Nd2 O-O 12. O-O g5 13. e4 Ng6 14. Qh5 Qd7 15. Nc4
Ne7 16. a4 f5 17. f4 exf4 18. Bxg7 Kxg7 19. gxf4 g4 20. Rae1 Rb8 21. exf5 Nxf5
22. Qxg4+ Kh8 23. Kh1 Rg8 24. Qh5 Qg7 25. Be4 Qf6 26. Rg1 Bd7 27. a5 Rbf8 28.
Bxf5 Bxf5 29. Rg3 Rxg3 30. hxg3 Bxd3 31. Kh2 Bf5 32. Re8 Kg7 33. Rxf8 Kxf8 34.
Qf3 Qd4 35. Nxd6 Qd2+ 36. Qg2 Qxg2+ 37. Kxg2 Bc2 38. Nxb7 Bxb3 39. Nxc5 Bxd5+
40. Kf2 Ke7 41. Ke3 Kd6 42. Kd4 Kc6 43. f5 h5 44. f6 Ba2 45. Ne4 Kd7 46. Ke5
Ke8 47. Nd6+ Kf8 48. Kf5 Bb3 49. Kg5 Bd1 50. Nf5 Kf7 51. Ng7 Be2 52. Nxh5 Bd1
53. Ng7 Bc2 54. Nf5 Bb1 55. Nd6+ Ke6 56. Nb5 1-0